000 00750nam a2200217 a 4500
999 _c5601
_d5601
001 5601
003 BD-JhCC
005 20171218185836.0
008 171218s1990 bg ||||| |||| 00| 0 ben d
035 _a(BD-JhCC)5601
040 _aBD-JhCC
_dBD-JhCC
041 _aben
082 _a512
_bUDD 1990
100 _aউদ্দিন, শেখ মোঃ মোসলেম
245 _aউচ্চ মাধ্যমিক সহজ বীজগণিত /
_cশেখ মোঃ মোসলেম উদ্দিন
260 _aঢাকা :
_bকনফিডেন্স কম্পিউটিং এন্ড প্রিন্টিং ,
_c1990.
300 _a407 p. :
_c21 cm.
650 _aAlgebra
942 _2ddc
_cBK